00290nam a2200133Ia 4500100001900000650001200019490000600031654002800037245002900065260002800094082001500122300000700137546001200144 aShetty/ Roopa  aGeneral v2 aCommunication skills II aCommunication Skills II bNandu PubaMumbaic1996 a302.2bSHE a74 aENGLISH